Statistics for Every Four Tops song that hit the Billboard hot 100

Click here to take the quiz!

General Stats

  • This quiz has been taken 6 times
  • The average score is 6 of 45

Answer Stats

Peak Chart PositionYearSong% Correct
11966Reach Out I'll Be There
83%
41967Bernadette
83%
11965I Can't Help Myself (Sugar Pie Honey Bunch)
83%
51965It's The Same Old Song
50%
111964Baby I Need Your Loving
50%
141968Walk Away Renee
33%
41973Ain't No Woman (Like The One I've Got)
33%
61967Standing In The Shadows Of Love
33%
111981When She Was My Girl
33%
351988Indestructible
33%
241965Ask The Lonely
17%
181966Shake Me, Wake Me (When It's Over)
17%
1419677 Rooms Of Gloom
17%
111970Still Water (Love)
17%
101973Keeper Of The Castle
17%
551974Midnight Flower
0%
551971You Gotta Have Love In Your Heart
0%
621974I Just Can't Get You Out Of My Mind
0%
701971In These Changing Times
0%
711983I Just Can't Walk Away
0%
711982Back To School Again
0%
901972A Simple Game
0%
931965Ain't That Love
0%
711976Catfish
0%
711975Seven Lonely Nights
0%
761967I'll Turn To Stone
0%
841982Sad Hearts
0%
531972(It's The Way) Nature Planned It
0%
531969What Is A Man
0%
381971MacArthur Park (Part II)
0%
511968I'm In A Different World
0%
491968Yesterday's Dreams
0%
451969Don't Let Him Take Your Love From Me
0%
451966Loving You Is Sweeter Than Ever
0%
431964Without The One You Love (Life's Not Worth While)
0%
411974One Chain Don't Make No Prison
0%
401971Just Seven Numbers (Can Straighten Out My Life)
0%
331973Sweet Understanding Love
0%
241970It's All In The Game
0%
201968If I Were A Carpenter
0%
191965Something About You
0%
191967You Keep Running Away
0%
151973Are You Man Enough
0%
141971River Deep - Mountain High
0%
971975We All Gotta Stick Together
0%

Score Distribution

Percentile by Number Answered

Percent of People with Each Score

Your Score History

You have not taken this quiz